000 00461nam a2200193Ia 4500
005 20230330091041.0
008 131103s9999 xx 000 0 und d
020 _cRs.100.00
040 _aLoreto College
041 _aEnglish
082 _a891.448
_bGHO
100 _aGhosh,Pratima
245 _aNoi Boner Bari
_cPratima Ghosh
260 _aKolkata
_bTalpata
_c2009
300 _a167p.
650 _aBengali-literature
850 _aLCLIB
942 _cBK
999 _c36606
_d87085